000 00312nam a22001217a 4500
040 _cHS
082 _a577
100 _aវន មុនិន្ទ
245 _aរុក្ខវប្បកម្ម២ silviculture II
260 _aRUA
_bវន​ មុនិន្ទ
_c1998
300 _a131p;
942 _cKB
999 _c9046
_d9046